000 00698nam a2200289Ia 4500
005 20260324135849.0
008 008 260324s9999 xx 000 0 eng d
020 _a9781410602268
037 _aEBOOK
040 _aCRL
040 _beng
040 _cCRL
041 _2eng
041 _aeng
084 _qCRL
100 _aRichard G. Tedeschi; Lawrence G. Calhoun
_91202205
245 0 _aFacilitating Posttraumatic Growth
245 2 _bA Clinician's Guide
260 _bTaylor and Francis
260 _c1999
365 _a
365 _b280
856 _uhttp://www.taylorfrancis.com/books/9781410602268
942 _cEBOOK
999 _c1803715
_d1803715